00737nam a2200193 a 450000100100000000500170001000800410002704000250006808200150009310000350010824500830014326000360022630000300026250000630029250400490035504900090040495201130041399900170052600001707720200929165020.0100317s1977 dr c 000 0 spa d aDO-SdBNPbspacBNPHU axxxbM524b1 aMella Jiménez, Eligio93766810aBreve bosquejo histórico del rotarismo dominicano /cEligio Mella Jiménez. aSanto Domingo :bTele-3,c1977. a84 p. :bretrs. ;c21 cm. aIncluye datos biográficos del autor en la contracubierta aIncluye referencias bibliográficas [p. 84] aBNPD 0010718PDaPDbPDcCTd2010-03-17iLF1l0oxxx M524bp17077-10r2020-06-25w2020-06-25yLFPDZNo se presta c16603d16603